| 000 | 00370 a2200169 4500 | ||
|---|---|---|---|
| 001 | 175300 | ||
| 020 | _a85-08-08910-4 | ||
| 040 | _cMagnum | ||
| 100 | _aVesentini, José William | ||
| 240 | 1 | 0 |
_aGeografia - ensino médio _lpor |
| 245 | 1 | 0 | _aGeografia - ensino médio |
| 300 | _a543 | ||
| 362 | 0 | _a2003 | |
| 440 | 1 | _aÁtica | |
| 697 | _aMISCELÂNEA | ||
| 942 | _cBK | ||
| 999 |
_c175300 _d175300 |
||